000 00391nam a2200169Ia 4500
005 20240823041248.0
008 240823s9999||||xx |||||||||||||| ||und||
041 _aENGLISH
082 _A294.5922 Q2
100 _aSwami Madhurananthar
245 0 _aNalvali Ramayanam
250 _a3rd
260 _c2012
_bVivekananda Ke
500 _aYES
650 _aGeneral
_bGeneral
942 _cBK
999 _c205080
_d205080